zpět

Detail výsledku týmu

UDVOU, Čáslav

Datum a čas kvízu

37.5 Celkem bodů Celkový počet nahraných bodů na tomto kvízu bez doplňovacích otázek.
1. Pořadí na kvízu Konečné umístění týmu na tomto kvízu.

Zaznamenané odpovědi

# Otázka Odpověď Body Výsledky
1. Čím konkrétně se na úterním za... měli na sobě kroje 0
2. Minulý týden jsme se dozvěděli... na Novém Zélandu 1
3. Minulý týden jsme se dozvěděli... kameraman 1
4. Minulý týden byl ohlášen defin... vývojem elektromobilu (automobilu) 1
5. Jak se jmenuje dosavadní šéf Č... Ivo Kaderka 1
6. Napište český název nejdelší k... kost stehenní 1
7. Ve kterém kraji České republik... v Královéhradeckém 1
8. Ze kterého seriálu pochází tat... Sběratelé kostí 0
9. Kterému zvířeti patří tato kos... hrochovi 1
10. V září roku 2012 byla pod park... Richard III. 0